| 000 | 00433nam a22001697a 4500 | ||
|---|---|---|---|
| 003 | OSt | ||
| 005 | 20140310182319.0 | ||
| 008 | 130312t xxu||||| |||| 00| 0 eng d | ||
| 020 | _a9832584094 | ||
| 050 |
_aPZ 7 _b.W721 2006 |
||
| 082 |
_aGS 398.21 _bF27k 2006 |
||
| 245 |
_aKing Midas and the golden touch _cedited by Bob Williams |
||
| 260 |
_aMalay _c2006 |
||
| 300 |
_a16p. : _c26cm. |
||
| 942 |
_2lcc _cBK-GS |
||
| 999 |
_c11793 _d11793 |
||